000 00266nam a2200133Ia 4500
100 _aAbbey S.
942 _cBK
654 _aLathe.
245 _aHow to run a lathe.
260 _bSouth bend lathe
_c2001
082 _a621.942
300 _a128
546 _aENGLISH
999 _c28971
_d28971